Insight Turkey (Record no. 6702)
[ view plain ]
| 000 -LEADER | |
|---|---|
| fixed length control field | 00500nam a22001937i 4500 |
| 001 - CONTROL NUMBER | |
| control field | 7937 |
| 003 - CONTROL NUMBER IDENTIFIER | |
| control field | OSt |
| 005 - DATE AND TIME OF LATEST TRANSACTION | |
| control field | 20170126082405.0 |
| 007 - PHYSICAL DESCRIPTION FIXED FIELD--GENERAL INFORMATION | |
| fixed length control field | tu |
| 008 - FIXED-LENGTH DATA ELEMENTS--GENERAL INFORMATION | |
| fixed length control field | 161220s2010 xxu||||| |||| 00| 0 d |
| 022 ## - INTERNATIONAL STANDARD SERIAL NUMBER | |
| International Standard Serial Number | 1302-177X |
| 024 7# - OTHER STANDARD IDENTIFIER | |
| Standard number or code | 7937 |
| Source of number or code | RID |
| 040 ## - CATALOGING SOURCE | |
| Transcribing agency | OSt |
| 110 2# - MAIN ENTRY--CORPORATE NAME | |
| Corporate name or jurisdiction name as entry element | SETA Foundation for Political, Economic and Social Research |
| 245 00 - TITLE STATEMENT | |
| Title | Insight Turkey |
| 260 ## - PUBLICATION, DISTRIBUTION, ETC. | |
| Place of publication, distribution, etc. | Ankara : |
| Name of publisher, distributor, etc. | SETA Foundation for Political, Economic and Social Research, |
| Date of publication, distribution, etc. | 2010. |
| 490 ## - SERIES STATEMENT | |
| Volume/sequential designation | Vol-12/1 2010 |
| 651 ## - SUBJECT ADDED ENTRY--GEOGRAPHIC NAME | |
| Geographic name | Turkey |
| 942 ## - ADDED ENTRY ELEMENTS (KOHA) | |
| Koha item type | Book |
No items available.
